000 00267nam a22001097a 4500
008 231217b |||||||| |||| 00| 0 eng d
100 _aOak, P.N
_97427
245 _aBharat mein muslim sultan
260 _aDelhi,
_bSurya Prakash:
_c1964.
300 _a413p
942 _cBK
999 _c40457
_d40457